| 000 | 00000nam 2200000zi 4500 |
| 001 | 9.954297 |
| 003 | CaOODSP |
| 005 | 20250917111745 |
| 006 | m o d f |
| 007 | cr mn||||||||| |
| 008 | 250820e20250820oncd obs f000 0 fre d |
| 043 | |an-cn--- |
| 086 | 1 |aCS82-003/2025-8-1F-PDF |
| 100 | 1 |aQuick, Matthew, |eauteur. |
| 245 | 10|aEstimation de l’espérance de vie et de l’espérance de vie ajustée sur la santé au Canada à l’échelle municipale, 2019 et 2020 / |cpar Matthew Quick, Monica Duong et Tracey Bushnik. |
| 264 | 1|a[Ottawa] : |bStatistique Canada = Statistics Canada, |c20 août 2025. |
| 264 | 4|c©2025 |
| 300 | |a1 ressource en ligne (17 pages) : |bgraphiques. |
| 336 | |atexte|btxt|2rdacontent/fre |
| 337 | |ainformatique|bc|2rdamedia/fre |
| 338 | |aressource en ligne|bcr|2rdacarrier/fre |
| 490 | 1 |aRapports sur la santé, |x1209-1375 ; |vvol. 36, n° 8, [1] |
| 500 | |aPublié aussi en anglais sous le titre : Estimating municipal life expectancy and health-adjusted life expectancy in Canada, 2019 and 2020. |
| 500 | |a« N° 82‑003‑X au catalogue. » |
| 500 | |a« Article de recherche. » |
| 500 | |aLa publication été remplacé le 2 septembre 2025 à la demande par l'éditeur. |
| 504 | |aComprend des références bibliographiques (pages 15-17). |
| 650 | 6|aEspérance de vie|zCanada|vStatistiques. |
| 655 | 7|aStatistiques|2rvmgf |
| 710 | 2 |aStatistique Canada, |eorganisme de publication. |
| 775 | 08|tEstimating municipal life expectancy and health-adjusted life expectancy in Canada, 2019 and 2020 / |w(CaOODSP)9.954294 |
| 830 | #0|aRapports sur la santé (Collection)|vvol. 36, n° 8, [1].|w(CaOODSP)9.950257 |
| 856 | 40|qPDF|s1.14 Mo|uhttps://publications.gc.ca/collections/collection_2025/statcan/82-003-x/CS82-003-2025-8-1-fra.pdf |
| 856 | 4 |qHTML|sS.O.|uhttps://www.doi.org/10.25318/82-003-x202500800001-fra |
| 040 | |aCaOODSP|bfre|erda|cCaOODSP |